000 00699nam a2200289Ia 4500
005 20260324144943.0
008 008 260324s9999 xx 000 0 eng d
020 _a9780429265570
037 _aEBOOK
040 _aCRL
040 _beng
040 _cCRL
041 _2eng
041 _aeng
084 _qCRL
100 _aG. Bruce Doern; Glen Toner
_91221219
245 4 _aThe Politics of Energy
245 4 _bThe Development and Implementation of the NEP
260 _bTaylor and Francis
260 _c1985
365 _a
365 _b255
856 _uhttp://www.taylorfrancis.com/books/9780429265570
942 _cEBOOK
999 _c1828477
_d1828477